| 000 | 01121nam a22003017a 4500 | ||
|---|---|---|---|
| 005 | 2011060805095.0 | ||
| 008 | 110608t xxu||||| |||| 00| 0 eng d | ||
| 010 | _aENG-102579 | ||
| 020 |
_a9789380502465 _c295.00 |
||
| 035 | _aEN-86112 | ||
| 037 | _bDBAD / PUB | ||
| 040 |
_adpl _bEnglish |
||
| 082 | _a658.8068 | ||
| 100 |
_928493 _aIdrees, Faheema |
||
| 110 | _928532 | ||
| 245 |
_aContemporary marketing management : _cby Faheema Idrees [and] T. M.Kuthubudeen _bstrategies and practices / |
||
| 260 |
_aNew Delhi _bKW Publishers _c2010 |
||
| 270 |
_a4676/21, First Floor, Ansari Road, Daryaganj _bNew Delhi _e110002 _k91.11.23263498/43528107 |
||
| 300 |
_a156 p. : _c24cm (pbk) _bill. |
||
| 500 | _aIncludes bibliographical references and index. | ||
| 610 | _928529 | ||
| 650 |
_928496 _aMarketing _xManagement |
||
| 651 | _928530 | ||
| 700 |
_928520 _aKuthubudeen, T. M. |
||
| 710 | _928535 | ||
| 942 |
_2ddc _cEN _h658.8068 _mIDR |
||
| 999 |
_c52804 _d52804 |
||